Perez Arbelaezia (Registro nro. 17044)
[ vista simple ]
| 000 -CABECERA | |
|---|---|
| Campo de control | 00780aasaa2200217 4500 |
| 005 - FECHA Y HORA DE LA ULTIMA TRANSACCION | |
| Campo de control | 20180803170120.0 |
| 008 - ELEMENTOS DE LONGITUD FIJA—INFORMACION GENERAL | |
| Campo de control | 180713s1985 ck au|p|r|||| 00| 0 spa d |
| 022 ## - ISSN | |
| ISSN | 0120-7717 |
| 040 ## - FUENTE DE CATALOGACIÓN | |
| Agencia catalogadora original | CO-BoIAVH |
| Agencia transcriptora | CO-BoIAVH |
| 041 0# - IDIOMA | |
| Código de idioma para texto/pista de sonido o título separado | Español |
| 044 ## - PAÍS DE PUBLICACIÓN | |
| País de publicación | Colombia |
| 090 ## - CLASIFICACIÓN LOCAL | |
| Colección | SE |
| 245 00 - MENCION DE TITULO | |
| Título | Perez Arbelaezia |
| 260 ## - PUBLICACION, DISTRIBUCION, ETC. (PIE DE IMPRENTA) | |
| Lugar de publicación, distribución, etc. | Bogotá (Colombia) : |
| Nombre del editor, distribuidor, etc. | Jardín Botánico de Bogotá José Celestino Mutis, |
| Fecha de publicación, distribución, etc. | 1985-. |
| 300 ## - DESCRIPCION FISICA | |
| Otros detalles físicos | ilustraciones (algunas a color)|, mapas y gráficas |
| Dimensiones | 24 cm. |
| 504 ## - NOTA DE BIBLIOGRAFIA, ETC. | |
| Nota de bibliografía | Incluye referencias bibliográficas. |
| 650 26 - ASIENTO SECUNDARIO DE MATERIA - TERMINO TEMATICO | |
| Término temático o nombre geográfico como elemento de entrada | Botánica |
| Subdivisión geográfica | Bogotá (Colombia) |
| Subdivisión de forma | Publicaciones periódicas |
| 9 (RLIN) | 91776 |
| 650 26 - ASIENTO SECUNDARIO DE MATERIA - TERMINO TEMATICO | |
| Término temático o nombre geográfico como elemento de entrada | Flora |
| Subdivisión geográfica | Bogotá (Colombia) |
| Subdivisión de forma | Publicaciones periódicas |
| 9 (RLIN) | 91777 |
| 710 2# - ASIENTO SECUNDARIO - NOMBRE CORPORATIVO | |
| Nombre corporativo o de jurisdicción como elemento de entrada | Jardín Botánico de Bogotá José Celestino Mutis |
| 9 (RLIN) | 100554 |
| 942 ## - ELEMENTOS ADICIONALES (KOHA) | |
| Tipo de ítem | Periodica o revista |
| Sistema de clasificación | Local |
| Serial record | 1 |
| Withdrawn status | Lost status | Damaged status | No para préstamo | Colección | Fecha publicación (Año) | Volumen revista | Número revista | Ubicación Permanente | Ubicación actual | Fecha de adquisición | Fuente de adquisición | Total Checkouts | Número topográfico | Inventario / Código de Barras | Date last seen | Ejemplar | Price effective from | Forma de adquisición | Tipo de material | Sistema de Clasificación | Datos de publicación Seriada | Date checked out |
|---|---|---|---|---|---|---|---|---|---|---|---|---|---|---|---|---|---|---|---|---|---|---|
| Hemeroteca | 2003 | 14 | Bogotá | Bogotá | 13/07/2018 | SE | 014689 | 13/07/2018 | Ej. 1 | 13/07/2018 | Donación | Periodica o revista | Local | Número 14 | ||||||||
| Hemeroteca | 2005 | 16 | Bogotá | Bogotá | 13/07/2018 | SE | 027589 | 13/07/2018 | Ej. 1 | 13/07/2018 | Donación | Periodica o revista | Local | Número 16 | ||||||||
| Hemeroteca | 2003 | 13 | Bogotá | Bogotá | 13/07/2018 | 1 | SE | 016643 | 24/08/2018 | Ej. 1 | 13/07/2018 | Donación | Periodica o revista | Local | Número 13 | 24/08/2018 | ||||||
| Hemeroteca | 2001 | 5 | 12 | Bogotá | Bogotá | 13/07/2018 | SE | 008480 | 13/07/2018 | Ej. 1 | 13/07/2018 | Donación | Periodica o revista | Local | Vol 5, No 12 | |||||||
| Hemeroteca | 2003 | 14 | Bogotá | Bogotá | 13/07/2018 | SE | 016644 | 13/07/2018 | Ej. 2 | 13/07/2018 | Donación | Periodica o revista | Local | Número 14 | ||||||||
| Hemeroteca | 2007 | 18 | Bogotá | Bogotá | 13/07/2018 | SE | 027462 | 13/07/2018 | Ej. 1 | 13/07/2018 | Donación | Periodica o revista | Local | Número 18 | ||||||||
| Hemeroteca | 2002 | 5 | 11 | Bogotá | Bogotá | 13/07/2018 | SE | 008478 | 13/07/2018 | Ej. 1 | 13/07/2018 | Donación | Periodica o revista | Local | Vol 5, No 11 | |||||||
| Hemeroteca | 2008 | 19 | Bogotá | Bogotá | 13/07/2018 | SE | 029889 | 13/07/2018 | Ej. 1 | 13/07/2018 | Donación | Periodica o revista | Local | Número 19 | ||||||||
| Hemeroteca | 1997 | 4 | 1 - 2 | Bogotá | Bogotá | 13/07/2018 | SE | 008476 | 13/07/2018 | Ej. 1 | 13/07/2018 | Donación | Periodica o revista | Local | Vol 4, Nros 1 - 2 | |||||||
| Hemeroteca | 1985 | 1 | 1 | Bogotá | Bogotá | 13/07/2018 | SE | 008472 | 13/07/2018 | Ej. 1 | 13/07/2018 | Donación | Periodica o revista | Local | Vol 1, No 1 | |||||||
| Hemeroteca | 1986 | 1 | 2 | Bogotá | Bogotá | 13/07/2018 | SE | 016639 | 13/07/2018 | Ej. 1 | 13/07/2018 | Donación | Periodica o revista | Local | Vol 1, No 2 | |||||||
| Hemeroteca | 1988 | 2 | 6 - 7 | Bogotá | Bogotá | 13/07/2018 | SE | 008475 | 13/07/2018 | Ej. 1 | 13/07/2018 | Donación | Periodica o revista | Local | Vol 2, Nros 6 - 7 | |||||||
| Hemeroteca | 1987 | 1 | 4 - 5 | Bogotá | Bogotá | 13/07/2018 | SE | 008474 | 13/07/2018 | Ej. 1 | 13/07/2018 | Donación | Periodica o revista | Local | Vol 1, Nros 4 - 5 | |||||||
| Hemeroteca | 2006 | 17 | Bogotá | Bogotá | 13/07/2018 | SE | 041791 | 13/07/2018 | Ej. 1 | 13/07/2018 | Donación | Periodica o revista | Local | Número 17 | ||||||||
| Hemeroteca | 1989 | 2 | 8 | Bogotá | Bogotá | 13/07/2018 | SE | 041788 | 13/07/2018 | Ej. 1 | 13/07/2018 | Donación | Periodica o revista | Local | Vol 2, No 8 | |||||||
| Hemeroteca | 1991 | 3 | 9 | Bogotá | Bogotá | 13/07/2018 | SE | 041789 | 13/07/2018 | Ej. 1 | 13/07/2018 | Donación | Periodica o revista | Local | Vol 3, No 9 | |||||||
| Hemeroteca | 1986 | 1 | 3 | Bogotá | Bogotá | 13/07/2018 | SE | 041787 | 13/07/2018 | Ej. 1 | 13/07/2018 | Donación | Periodica o revista | Local | Vol 1, No 3 | |||||||
| Hemeroteca | 2004 | 15 | Bogotá | Bogotá | 13/07/2018 | SE | 041790 | 13/07/2018 | Ej. 1 | 13/07/2018 | Donación | Periodica o revista | Local | Número 15 | ||||||||
| Hemeroteca | 2000 | 5 | 11 | Villa de Leyva | Villa de Leyva | 20/03/2001 | Andrade Pérez, Germán Ignacio | SERIADAS 00317 | 008477 | 25/03/2015 | 1 | 25/03/2015 | Periodica o revista | |||||||||
| Hemeroteca | 1986 | 1 | 3 | Villa de Leyva | Villa de Leyva | 13/09/2004 | SERIADAS 00317 | 016638 | 25/03/2015 | 1 | 25/03/2015 | Periodica o revista |